000 00539nmm a2200169Ia 4500
008 251105s9999||||xx |||||||||||||||||und||
020 _a9789681673512
041 _aspa
100 _aHacyan, Shahen
245 0 _aFísica y metafísica del espacio y el tiempo :
_b La filosofía en el laboratorio
264 _a[México D.C., Mexico] :
_bFondo de Cultura Económica,
_c2011
300 _a216 páginas
490 _aCiencia y Tecnología
650 _aSciences
856 _uhttps://public.digitaliapublishing.com/a/64454
942 _cCF
999 _c96983
_d96983